000
00289nam a22001337a 4500
008
181024b xxu||||| |||| 00| 0 eng d
020
_a
0397520611
041
_a
eng
080
_a
610
100
_a
4
101
_a
SHM
245
_a
Manual Skin Diseases
_c
Souer.C.C
942
_2
udc
_c
BK
999
_c
50828
_d
50828